000 00521nam a2200193Ia 4500
005 20250508160330.0
008 008 250505s9999 xx 000 0 hin d
037 _aTextual
040 _aFEDL
_beng
_cFEDL
041 _ahin
_2eng
084 _a910, NCE
_qFEDL
100 _aKuriyan George Ed.
_9768312
245 0 _aPrayogatmak bhogol
245 0 _cNational Councli of Educational Research and Training
260 _c1972
300 _a124p.
942 _cTEXL
_h910, NCE
999 _c1363763
_d1363763